000 01609cam a2200517 4500
003 PE-LiUPU
005 20250731180157.0
020 _a0201063921
035 _a(Sirsi) i9780201063929
035 _a(Sirsi) 20606
035 _a(Sirsi) 20606
041 _aes
044 _aus
082 0 4 _a519.5312
_bR95
100 1 _aRunyon, Richard P.
245 _aEstadística para las Ciencias Sociales /
_cRichard P. Runyon, Audrey Haber ; vers. en espanol de Hugo Pereyra ; con la colab. de Carmen Gonzalez Hieras.
264 1 _aWilmington, Delaware :
_bAddison-Wesley Iberoamericana,
_c1992
300 _a467 páginas :
_bilustraciones ;
_c23 cm.
505 0 _aEstadística descriptiva -- Estadística inferencial.
526 _aSEG44
526 _aSEG26
526 _aP159
526 _aP155
526 _aP154
526 _aP153
526 _aP150
526 _aP100
526 _aP31
526 _aP30
526 _aP26
526 _aP25
526 _aP24
526 _aP22
526 _aP15
526 _aP10
650 1 4 _aEstadística
700 1 _aHaber, Audrey
_ecoaut.
700 1 _aPereyra Hugo
_etr.
700 1 _aGonzalez Hieras, Carmen
_etr.
942 _2ddc
_cBOOK
949 _a519.5312 R95
_i43513
_lCCODEBUL1
_mBUL
_tLIBRO
_o.STAFF. Circulación
859 _q43513
_h519.5312
_iR95
910 _aaj-em
596 _a1
999 _a519.5312 R95
_wDEWEY
_c61486
_i43513
_d61486
_e2018-3-5
_f2021-11-5
_g6
_lCCODEBUL1
_mBUL
_n1
_r0
_sN
_tBOOK
_u2015-6-16
_xBIBLIOTECA
_zUNKNOWN
_0COMPRA
_o.STAFF. Colección General
980 _81
_gALBERTO SANCHEZ Responsable de Automatización